Протоколы и постановления ВЦСПС и месткома Управления делами СНК; Положения и инструкции об отделах Совнаркома и сведения по лич...

Доступно только в Электронных читальных залах Найти на картеНа карте
RUSMARC
00003953nac2a22002771x 450
001f0d62c5f-aa27-403b-b6ff-ee3160ec41cb
00520160817063006.0
100##$a20160623l19211921k y0rusy50 ca
1010#$arus
102##$aRU
105##$ay z |||||
1222#$ad19210809
$ad19211015
2001#$aПротоколы и постановления ВЦСПС и месткома Управления делами СНК; Положения и инструкции об отделах Совнаркома и сведения по личному составу
$j9 августа - 15 октября 1921
215##$a158 листов
251##$cДело
300##$aЧасть текста рукописная и машинописная, часть - напечатана типографским способом
324##$aВ деле имеются копии отдельных документов
330##$aВходит в раздел описи: Канцелярия. а/ Переписка с Наркоматами и другими учреждениями. 13. Местком Управления СНК
461#0$1001ad6baeac-e292-4829-90d1-2f4f65796a62
$12001
$aСОВЕТ НАРОДНЫХ КОМИССАРОВ РСФСР (СНК РСФСР)
$1251
$cФонд
$1852
$j130
$gР
462#0$1001749580a7-5abb-40c4-a39c-e540631a040a
$12001
$a1921 г.
$vД. 1040
$1251
$cОпись
$1852
$j5
60101$3RU\NLR\AUTH\661074810
$aРСФСР
$bСовет Народных Комиссаров
6011|$3RU\NLR\AUTH\66229595
$aВЦСПС
60102$aСНК РСФСР. Управление делами. Местком
801#0$aRU
$bGA_RF
801#1$aRU
$bНПО Опыт
$c20160623
$2rusmarc
801#2$aRU
$bПБ им. Б.Н. Ельцина
$c20160817
$gRCR
$2rusmarc
852##$aГА РФ
$j1040
937##$d83025533
$hПБ
035##$aRuPRLIB51039750
Формат отображения